Orígenes y actualidad del "pensamiento único" /

Uloženo v:
Podrobná bibliografie
Hlavní autor: Rapoport, Mario
Korporativní autor: CLACSO
Další autoři: comp
Médium: Text
Jazyk:Spanish
Vydáno: Buenos Aires: CENEDIC. CLACSO
Vydání:2
Témata:
Tagy: Přidat tag
Žádné tagy, Buďte první, kdo vytvoří štítek k tomuto záznamu!

MARC

LEADER 00000 a a2200000 04500
001 38374
003 cru IIS
005 20230314091800.0
008 230314b |||||||| |||| 00| 0 spa d
020 |a 950-9231-71-1  
040 |c cru IIS  |d cru IIS 
090 |a 0001 G191g  
100 1 |a Rapoport, Mario  |9 11011 
110 |a CLACSO  
245 |a Orígenes y actualidad del "pensamiento único" /  |c Mario Rapoport 
250 |a 2  
260 |a Buenos Aires:   |b CENEDIC. CLACSO  
300 |a 357-364 p.  
650 |a MERCADO FINANCIERO INTERNACIONAL  
650 |a RIESGO  
650 |a ORGANIZACIONES INTERNACIONALES  
700 |a comp.  
942 |2 ddc  |c LI 
999 |c 7503  |d 7503 
773 0 |0 13387  |9 8413  |a Gambina, Julio   |d Buenos Aires: CLACSO. ATTAC. ASDI   |o 05853  |t La Globalización económica-financiera y el impacto en America Latina: estrategias de regulación y respuestas sociales y políticas del movimiento popular /  |w (cru IIS)27259  |z 950-9231-71-1